Obálka Náhled e-knihy:
PDF Epub
Pro půjčování e-knih musíte být přihlášeni.
Jak si půjčit online?

Rychlý jako vítr. Hurikán /

Další z příběhů o dívce Majce a jejím vztahu ke koním, vznikl podle scénáře ke stejnojmennému filmu.

Uloženo v:
Série:Rychlý jako vítr, část 6
Hlavní autor: Schmidbauer, Lea, 1971- (Autor)
Další autoři: Henn, Kristina Magdalena, 1977- (Autor), Krupičková, Barbora (Autor)
Médium: E-kniha
Jazyk:Czech
Vydáno: V Brně : CPress, 2024
Vydání:1. vydání
Témata:
Příbuzné jednotky:Z cyklu:: Rychlý jako vítr
Tagy:
Žádné tagy
LEADER 02626nam a2200517 i 4500
001 312398
003 CZ PrSKC
005 20260601215722.0
007 ta
008 240603s2024 xr c 000 j cze
015 |a cnb003609167 
020 |a 9788026452584  |q (vázáno) :  |c Kč 299,00 
035 |a (OCoLC)1451768069 
040 |a ABG001  |b cze  |e rda 
041 1 |a cze  |h ger 
072 7 |a 821.112.2-3  |x Německá próza, německy psaná  |2 Konspekt 
072 7 |a 821-93  |x Literatura pro děti a mládež (beletrie)  |2 Konspekt 
080 |a 821.112.2-32  |2 MRF 
080 |a 821-93  |2 MRF 
080 |a (0:82-32)  |2 MRF 
100 1 |a Schmidbauer, Lea,  |d 1971-  |7 ola2016922504  |4 aut 
240 1 0 |a Grosse Orkan.  |l Česky 
245 1 0 |a Rychlý jako vítr.  |p Hurikán /  |c Lea Schmidbauerová, Kristina M. Hennová ; z německého originálu Ostwind - Der grosse Orkan ... přeložila Barbora Krupičková 
246 3 0 |a Hurikán 
250 |a 1. vydání 
264 1 |a V Brně :  |b CPress,  |c 2024 
300 |a 268 stran ;  |c 22 cm 
336 |a text  |b txt  |2 rdacontent 
337 |a bez média  |b n  |2 rdamedia 
338 |a svazek  |b nc  |2 rdacarrier 
520 2 |a Další z příběhů o dívce Majce a jejím vztahu ke koním, vznikl podle scénáře ke stejnojmennému filmu.  |b Silná letní bouřka přivede na Kaltenbach skupinku lidí od cirkusu i s jejich koňmi. Ari je fascinujícím světem uměleckého ježdění na koních rázem okouzlena. Když pozná starého cirkusového koně, který už není schopen vystupovat na představení, neváhá a nabízí svou pomoc. Společně s chlapcem Carlem a Severákem se vrhá do riskantní akce. Nakladatelská anotace. Kráceno. 
521 8 |a Pro čtenáře od 10 let 
655 7 |a německé příběhy  |7 fd132944  |2 czenas 
655 7 |a publikace pro děti  |7 fd133156  |2 czenas 
655 9 |a German stories  |2 eczenas 
655 9 |a children's literature  |2 eczenas 
700 1 |a Henn, Kristina Magdalena,  |d 1977-  |7 ola2016922503  |4 aut 
700 1 |a Krupičková, Barbora  |7 jo20191060348  |4 trl 
765 1 |t Ostwind 
787 0 8 |i Z cyklu:  |t Rychlý jako vítr  |g 6 
900 |a ABA001  |b 20 
928 9 |a Albatros Media - CPress 
044 |a xr 
910 |a RBIT002 
998 |d 405528  |a https://core.palmknihy.cz/api/books/405528/cover?skf0ks  |b https://core.palmknihy.cz/api/books/405528/cover/400?skf0ks  |c https://core.palmknihy.cz/api/books/405528/cover/50?skf0ks  |e 2028-05-09  |g 272  |i 9788026452584  |j https://core.palmknihy.cz/api/books/405528/preview.epub  |k https://core.palmknihy.cz/api/books/405528/preview.pdf  |l   |q 49  |r 1  |s https://www.palmknihy.cz/kniha/405528  |t ebook  |y 2024  |z 0 
999 |d 312396